000
00213nam a2200097Ia 4500
008
190216s9999||||xx |||||||||||||| ||und||
100
_a
Sankara Pillai G
245
0
_a
Reksha Purushan
260
_b
Null
942
_c
BK
999
_c
24701
_d
24701